Hráč : sázka /
Studentská romance slovenské autorky.
Uloženo v:
| Hlavní autor: | |
|---|---|
| Další autoři: | |
| Médium: | E-kniha |
| Jazyk: | Czech |
| Vydáno: |
Praha :
Dobrovský s.r.o.,
2025
|
| Edice: | Red
|
| Témata: | |
| Tagy: |
Žádné tagy |
| LEADER | 02755nam a2200469 i 4500 | ||
|---|---|---|---|
| 001 | 312892 | ||
| 003 | CZ PrSKC | ||
| 005 | 20260601215730.0 | ||
| 007 | ta | ||
| 008 | 251223s2025 xr g 000 f cze | ||
| 015 | |a cnb003733395 | ||
| 020 | |a 9788027744480 |q (brožováno) : |c Kč 349,00 | ||
| 035 | |a (OCoLC)1578133930 | ||
| 040 | |a ABG001 |b cze |e rda | ||
| 041 | 1 | |a cze |h slo | |
| 072 | 7 | |a 821.162.4 |x Slovenská literatura |2 Konspekt | |
| 080 | |a 821.162.4-31 |2 MRF | ||
| 080 | |a (0:82-312.5) |2 MRF | ||
| 100 | 1 | |a Brnková, Michaela |7 ola20221167625 |4 aut | |
| 240 | 1 | 0 | |a Hráč. |l Česky |
| 245 | 1 | 0 | |a Hráč : |b sázka / |c Michaela Brnková ; přeložila Karolína Šnajdrová |
| 246 | 3 | 0 | |a Sázka |
| 264 | 1 | |a Praha : |b Dobrovský s.r.o., |c 2025 | |
| 300 | |a 253 stran ; |c 20 cm | ||
| 336 | |a text |b txt |2 rdacontent | ||
| 337 | |a bez média |b n |2 rdamedia | ||
| 338 | |a svazek |b nc |2 rdacarrier | ||
| 490 | 1 | |a Red | |
| 500 | |a Přeloženo ze slovenštiny | ||
| 520 | 2 | |a Studentská romance slovenské autorky. |b Sara přijíždí na vysokoškolskou kolej, aby začala daleko od svého domova studovat vysněnou žurnalistiku. Chce udělat tlustou čáru za svojí minulostí, vyléčit si zlomené srdce a zapomenout na to, co jí u nich doma provedl jeden bezcitný kluk. Christian Hale je studentem architektury na téže vysoké škole. Působí jako lehkomyslný floutek a jednoho dne se vsadí s kamarády, že Saru během dvou týdnů dostane do postele. Sara však jejich sázku náhodou zaslechne a rozhodne se začít s Christianem hrát hru. Ani jeden z nich ale nepočítá s tím, že by se mohli doopravdy zamilovat. Sara cítí, že podruhé by ji zrada někoho, koho by si příliš pustila k tělu, dokázala úplně psychicky zničit. A také Christian skrývá jakési nevyřešené věci z minulosti. Čím víc času spolu ale ti dva tráví a čím blíže se poznávají, zdá se jim stále těžší udržet si toho druhého dál od těla. Nakladatelská anotace. | |
| 653 | 0 | |a literatura new adult | |
| 655 | 7 | |a slovenské romány |7 fd133450 |2 czenas | |
| 655 | 7 | |a milostné romány |7 fd132840 |2 czenas | |
| 655 | 9 | |a Slovak fiction |2 eczenas | |
| 655 | 9 | |a love novels |2 eczenas | |
| 700 | 1 | |a Šnajdrová, Karolína |4 trl | |
| 830 | 0 | |a Red | |
| 900 | |a ABA001 |b 20 | ||
| 044 | |a xr | ||
| 910 | |a RBIT002 | ||
| 998 | |d 424475 |a https://core.palmknihy.cz/api/books/424475/cover?t81p8p |b https://core.palmknihy.cz/api/books/424475/cover/400?t81p8p |c https://core.palmknihy.cz/api/books/424475/cover/50?t81p8p |e 2029-05-24 |g 256 |i 9788027744480 |j https://core.palmknihy.cz/api/books/424475/preview.epub |k https://core.palmknihy.cz/api/books/424475/preview.pdf |l |q 49 |r 1 |s https://www.palmknihy.cz/kniha/424475 |t ebook |y 2025 |z 0 | ||
| 999 | |d 312890 | ||